the boyz all songs / discography - Statistiques

Statistiques générales
  • Ce quiz a été pris 10 fois
  • Le résultat moyen est 90 sur 171
Statistiques - réponses
the first % Correct
Bloom Bloom
100%
Boy
100%
Breaking Dawn
100%
Giddy Up
100%
Here is
100%
MAVERICK
100%
No Air
100%
REVEAL
100%
Right Here
100%
The Stealer
100%
THRILL RIDE
100%
Back All Black
75%
B.O.Y (Bet On You)
75%
Butterfly
75%
CHECKMATE
75%
CRYING&LAUGHTER
75%
D.D.D
75%
Delicious
75%
Ego
75%
Fantasize
75%
Fire Eyes
75%
Get It
75%
Gibberish
75%
Goodbye
75%
Got It
75%
Horizon
75%
HUSH
75%
KeePer
75%
KINGDOM COME
75%
Kiss Me If You Can
75%
Last Kiss
75%
Last Man Standing
75%
Lighthouse
75%
LIP GLOSS
75%
L.O.U
75%
Make or Break
75%
Melting Heart
75%
Merry Bad Ending
75%
Miss Demeanor
75%
PRISM
75%
Rat In The Trap
75%
ROAR
75%
Rock and Roll
75%
Russian Roulette
75%
Scar
75%
Shake You Down
75%
SHE'S THE BOSS
75%
Shine Shine
75%
Still Love You
75%
Survive The Night
75%
SWEET
75%
TATTOO
75%
Timeless
75%
TRIGGER
75%
VVV
75%
Water
75%
Whiplash
75%
Wings
75%
4EVER
50%
Ain't Salty
50%
Awake
50%
bAd
50%
Bite Back
50%
BLAH BLAH
50%
Break your rules
50%
Bump & Love
50%
Christmassy!
50%
Closer
50%
Clover
50%
C.O.D.E
50%
Constellation
50%
Criss Cross
50%
Cross Over
50%
Dear.
50%
Diamond Life
50%
Drink It
50%
EINSTEIN
50%
Electric Energy
50%
EYES ON ME
50%
Fairy Tale
50%
FLAG
50%
Forever you
50%
Honey
50%
Hurt Me Less
50%
Hypnotized
50%
I'm Your Boy
50%
Insanity
50%
Intro
50%
Levitating
50%
Lip Sync
50%
Lucid Dream
50%
Nectar
50%
Nightmares
50%
Nothing
50%
Nothing Without You
50%
Only ONE
50%
Out Of Control
50%
Passion Fruit
50%
Priority
50%
REVEAL (Catching Fire)
50%
Rose
50%
Salty
50%
Savior
50%
Shout it out
50%
SKIN
50%
Spring Snow
50%
Square one
50%
Starry Night
50%
Stealer
50%
Stylish
50%
SUMMER TIME
50%
Take Me Back
50%
They See Me Dream
50%
Tiger
50%
Together Forever
50%
Unbreakable Sign
50%
WATCH IT
50%
WHISPER
50%
White
50%
Why Why Why
50%
You and I
50%
All About You
25%
AURA
25%
Back 2 U
25%
Bad Luck
25%
Breath to Breath
25%
Bye Bye Bye
25%
Candle Light
25%
Candles
25%
CHECKMATE (Stage Ver.)
25%
Complete Me
25%
Dancing Till We Drop
25%
Daydream
25%
Don't Cry
25%
Door
25%
Echo
25%
Escape
25%
Espionage
25%
Feel The Bass
25%
Going High
25%
How about you?
25%
Just U
25%
Neverland
25%
Nolza
25%
Penalty
25%
Re-Wind
25%
SKATEBOARD
25%
Slip Away
25%
Stupid Sorry
25%
Talk
25%
Talk About Us
25%
Text Me Back
25%
THE POYZ BANANA CHACHA
25%
The Season
25%
The Start
25%
Toxic Love
25%
Walkin' In Time
25%
We are
25%
Will Be
25%
ALWAYS TOGETHER
0%
Brighter
0%
One Dance
0%
O Sole Mio (The Red Wedding)
0%
Quasi une fantasia
0%
Spring Breeze
0%
Summer Night
0%
Winter Sleep
0%
Aucun quiz correspondant
Distribution des résultats
% des personnes avec chaque résultat
Percentile par nombre de réponses
Votre historique - résultats
Vous n’avez pas pris ce quiz